000 00304nam a2200133Ia 4500
008 210210b1976 xxu||||| |||| 00| 0 eng d
082 _a155.6 SHEP
100 _aSHEEHY (Gail).
245 _aPassages.
260 _aUSA
_bBantam books
_c1976
300 _a560
690 _aPsychology
906 _aSG01380
999 _c112921
_d112921